01140cam a2200325 a 4500001000800000005001700008008004100025010001300066020001500079020001800094040002600112082002100138100003100159245003900190260006400229300003700293490004400330500002400374504003100398650002300429653002200452655002400474830004100498942003000539999001700569336002600586337002800612338002700640952014700667252701720240818092947.0940616t1993 xxuk frb 001 0 eng d a93087341 a0883850273 a9780883850275 aPBmcPBmdTxGeoSdDLC04a514.224222bLIV1 aLivingston, Charles93590610aKnot theory /cCharles Livingston. aWashington :bMathematical Association of America,cc.1993. axviii, 240 p. :bforms ;c20 cm.1 aThe Carus mathematical monographs ;v24 aIndex : p. 239-240. aBibliography : p. 233-237. 0aKnot theory935907 bENGGENcApril2014 vreading book934232 0aCarus mathematical monographs ;v24. 2ddck514.224 LIVhRDA-MOD c18219d18191 2rdacontentatextbtxt aunmediated2rdamediabn avolumebnc2rdacarrier 00102ddc40708BaccahaMAINbMAINc1STd2014-04-13epurchaseg360.00l0o514.224 LIVp000035879r2025-07-15 00:00:00v450.00w2014-04-13yBB